00282nam a2200109Ia 4500008004000000082001600040100001900056245002700075260003200102300001100134650002700145210210b1990 xxu||||| |||| 00| 0 eng d a811.52 TRIR aOLIVER (Paul). aMeanings of the blues. aN DbAce Publicationsc1990 avi,209 aRobert Frost Criticism